[Event "World Youth Girls U16 2014"]
[Site "Durban RSA"]
[Date "2014.09.22"]
[Round "4.26"]
[White "Parhomenko, Margarita"]
[Black "Padayachee, Keyana Chloe"]
[Result "1-0"]
[BlackTitle "WCM"]
[WhiteElo "1894"]
[BlackElo "1478"]
[WhiteFideId "11603216"]
[BlackFideId "14306433"]
[EventDate "2014.09.20"]

1. Nf3 Nc6 2. d4 d5 3. e3 Nf6 4. Nbd2 Bf5 5. Bd3 Bg6 6. a3 e6 7. b3 Ne4 8. Bb2
Bd6 9. h4 h6 10. Qe2 Qe7 11. c4 Nxd2 12. Qxd2 dxc4 13. Bxg6 fxg6 14. bxc4 b6 15.
Qc2 O-O 16. c5 bxc5 17. dxc5 Bxc5 18. Rc1 Rf5 19. e4 Rf4 20. Qxc5 Rxe4+ 21. Kf1
Qxc5 22. Rxc5 Rd8 23. g3 Rd6 24. Kg2 Re2 25. Ba1 Ra2 26. Rhc1 Nd8 27. Rxc7 Rxa3
28. Rxg7+ Kf8 29. Bf6 Rdd3 30. Ne5 Rd5 31. Nxg6+ Ke8 32. Re7# 1-0

[Event "World Youth Girls U16 2014"]
[Site "Durban RSA"]
[Date "2014.09.22"]
[Round "4.27"]
[White "Trippold, Denise"]
[Black "Liao, Jo-Yu"]
[Result "1/2-1/2"]
[WhiteElo "1842"]
[BlackElo "1438"]
[WhiteFideId "1625594"]
[BlackFideId "16300459"]
[EventDate "2014.09.20"]

1. d4 d5 2. c4 c6 3. Nf3 Nf6 4. e3 e6 5. b3 Nbd7 6. Bb2 Bd6 7. Bd3 O-O 8. O-O b6
9. Nbd2 Bb7 10. Ne5 Bc7 11. f4 c5 12. Qf3 dxc4 13. Qxb7 cxd3 14. Nc6 Qe8 15.
Qxc7 Nd5 16. Qb7 Nxe3 17. Rf3 Nd5 18. Nc4 N7f6 19. dxc5 Ne4 20. b4 f6 21. Nd6
Nxd6 22. cxd6 Rf7 23. Ne7+ Nxe7 24. dxe7 Rxe7 25. Qe4 d2 26. Rd1 Rd8 27. Rf2 Qa4
28. Rfxd2 Qxd1+ 29. Rxd1 Rxd1+ 30. Kf2 Rd2+ 31. Kf3 Rxb2 32. f5 e5 33. b5 Rd2
34. Qc4+ Kf8 35. Qc8+ 1/2-1/2

[Event "World Youth Girls U16 2014"]
[Site "Durban RSA"]
[Date "2014.09.22"]
[Round "4.28"]
[White "Auvray, Honorine"]
[Black "Al Shamsi, Kaltham Mubarak"]
[Result "1-0"]
[WhiteElo "1799"]
[BlackElo "1292"]
[WhiteFideId "600512"]
[BlackFideId "9304193"]
[EventDate "2014.09.20"]

1. e4 d6 2. d4 Nf6 3. Nc3 g6 4. f3 Bg7 5. Be3 O-O 6. Qd2 Nbd7 7. O-O-O b6 8. g4
e6 9. h4 c5 10. h5 cxd4 11. Bxd4 Bb7 12. hxg6 fxg6 13. Qh2 e5 14. Bc4+ d5 15.
Bxe5 dxc4 16. Bxf6 Rxf6 17. Qxh7+ Kf7 18. e5 Re6 19. Nh3 Qe7 20. Rxd7 Qxd7 21.
Ng5+ Kf8 22. Qxg7+ Kxg7 23. Rh7+ Kg8 24. Rxd7 Bc6 25. Nxe6 Bxd7 26. Ng5 Re8 27.
Nge4 Re7 28. Nd5 Rg7 29. Ndf6+ Kh8 30. Ng5 Bc8 31. Kd2 Re7 32. f4 Rg7 33. Ke3 b5
34. Kd4 Rc7 35. Ne8 1-0

[Event "World Youth Girls U16 2014"]
[Site "Durban RSA"]
[Date "2014.09.22"]
[Round "4.29"]
[White "Moyo, Phumuzile"]
[Black "Le Bihan, Alison"]
[Result "0-1"]
[WhiteElo "1370"]
[BlackElo "1714"]
[WhiteFideId "11001550"]
[BlackFideId "20654570"]
[EventDate "2014.09.20"]

1. e4 d5 2. d4 dxe4 3. c4 Nf6 4. Nc3 g6 5. f3 e3 6. Bxe3 Bg7 7. Qd2 O-O 8. Nge2
Nbd7 9. O-O-O c6 10. Bh6 b5 11. Bxg7 Kxg7 12. Nf4 Qa5 13. cxb5 cxb5 14. Bxb5 Rb8
15. h4 Rxb5 16. Nxb5 Qxb5 17. g4 Bb7 18. Rdf1 Nb6 19. h5 Rc8+ 20. Kb1 Nc4 21.
Qc3 g5 22. d5 Kg8 23. h6 gxf4 24. Rh5 Ne3 25. Rg5+ Kf8 26. Qxc8+ Bxc8 27. Rc1
Qd3+ 28. Ka1 Nc2+ 29. Rxc2 Qxc2 30. a3 Ba6 31. Re5 Qc1+ 32. Ka2 Bc4+ 33. b3 Qc2+
34. Ka1 Bxb3 35. Re2 Qc1# 0-1

[Event "World Youth Girls U16 2014"]
[Site "Durban RSA"]
[Date "2014.09.23"]
[Round "5.1"]
[White "Abdusattorova, Bakhora"]
[Black "Unuk, Laura"]
[Result "1/2-1/2"]
[WhiteTitle "WFM"]
[BlackTitle "WFM"]
[WhiteElo "2008"]
[BlackElo "2247"]
[WhiteFideId "14204126"]
[BlackFideId "14609215"]
[EventDate "2014.09.20"]

1. d4 d5 2. c4 c6 3. cxd5 cxd5 4. Bf4 Nf6 5. e3 Nc6 6. Nc3 a6 7. Bd3 Bg4 8. Nge2
e6 9. O-O Bd6 10. f3 Bh5 11. Rc1 Bg6 12. Bxd6 Qxd6 13. Nf4 O-O 14. Bxg6 hxg6 15.
Nd3 e5 16. dxe5 Nxe5 17. Nxe5 Qxe5 18. Qd3 Rfe8 19. Rfe1 Rad8 20. Qd4 Qb8 21.
Rcd1 b5 22. a3 Rd7 23. Ne2 Rc7 24. Qd2 Qb6 25. Nd4 Nd7 26. Rc1 Ne5 27. b3 Rec8
28. Rxc7 Qxc7 29. Ne2 Qd6 30. Rc1 Re8 31. Kf2 Nd7 32. a4 bxa4 33. bxa4 Nc5 34.
Qc2 Rc8 35. Kg1 Rc7 36. Qd1 Rb7 37. Qc2 Rc7 38. Qd1 Rb7 39. Qc2 Rc7 1/2-1/2

[Event "World Youth Girls U16 2014"]
[Site "Durban RSA"]
[Date "2014.09.23"]
[Round "5.2"]
[White "Gal, Hanna Krisztina"]
[Black "Zhang, Lanlin"]
[Result "1/2-1/2"]
[WhiteElo "2094"]
[BlackElo "1988"]
[WhiteFideId "711861"]
[BlackFideId "8608032"]
[EventDate "2014.09.20"]

1. e4 c5 2. Nf3 d6 3. c3 Nf6 4. Be2 g6 5. O-O Bg7 6. d3 O-O 7. Nbd2 Nc6 8. Re1
Rb8 9. Bf1 Nd7 10. Nb3 b5 11. d4 a5 12. dxc5 dxc5 13. Bf4 e5 14. Be3 c4 15. Nc5
Nxc5 16. Bxc5 Re8 17. Qd5 Bb7 18. Rad1 Nd4 19. Qxd8 Nxf3+ 20. gxf3 Rexd8 21. Bd6
Rbc8 22. Bh3 f5 23. Kg2 Rc6 24. Be7 Re8 25. Bd8 Bc8 26. Bxa5 Ra6 27. Bb4 Rxa2
28. Ba3 fxe4 29. fxe4 Bxh3+ 30. Kxh3 Bf8 31. Ra1 Rxa1 32. Rxa1 Ra8 33. Kg2 Kf7
34. Kf3 g5 35. Ke2 Kg6 36. Kd2 Bc5 37. f3 Rd8+ 38. Ke2 Ra8 39. Kd2 Kh5 40. Rb1
Bxa3 41. bxa3 Rxa3 42. Rxb5 Ra2+ 43. Ke3 Rc2 44. Rxe5 Rxc3+ 45. Kf2 Kh4 46. Rc5
Rc2+ 47. Ke3 Rc3+ 48. Kf2 Rc2+ 49. Ke3 1/2-1/2

[Event "World Youth Girls U16 2014"]
[Site "Durban RSA"]
[Date "2014.09.23"]
[Round "5.3"]
[White "Varshini, V"]
[Black "Mahalakshmi, M"]
[Result "0-1"]
[WhiteTitle "WFM"]
[BlackTitle "WFM"]
[WhiteElo "1987"]
[BlackElo "2048"]
[WhiteFideId "5091241"]
[BlackFideId "5001080"]
[EventDate "2014.09.20"]

1. e4 c6 2. d4 d5 3. Nc3 dxe4 4. Nxe4 Bf5 5. Ng3 Bg6 6. h4 h6 7. Nf3 Nd7 8. h5
Bh7 9. Bd3 Bxd3 10. Qxd3 e6 11. Bd2 Qc7 12. O-O-O Ngf6 13. c4 O-O-O 14. Ne4 c5
15. Nxf6 Nxf6 16. Bc3 cxd4 17. Bxd4 Bc5 18. g3 Rd7 19. Qe2 Bxd4 20. Rxd4 Rxd4
21. Nxd4 Rd8 22. Nb5 Qc5 23. Rh4 a6 24. Nc3 Rd4 25. Rxd4 Qxd4 26. Kc2 Ng4 27.
Nd1 Ne5 28. b3 Qa1 29. Nb2 Nc6 30. Qd2 e5 31. Qd6 Nd4+ 32. Kc3 Qc1+ 33. Kb4 Qd2+
34. Ka4 b5+ 35. cxb5 axb5+ 0-1

[Event "World Youth Girls U16 2014"]
[Site "Durban RSA"]
[Date "2014.09.23"]
[Round "5.4"]
[White "Drogovoz, Maria"]
[Black "Haussernot, Cecile"]
[Result "0-1"]
[BlackTitle "WFM"]
[WhiteElo "2167"]
[BlackElo "2011"]
[WhiteFideId "4176731"]
[BlackFideId "601632"]
[EventDate "2014.09.20"]

1. e4 c5 2. Nf3 d6 3. d4 cxd4 4. Nxd4 Nf6 5. Nc3 a6 6. g3 e5 7. Nde2 Be7 8. Bg2
b5 9. a3 Nbd7 10. h3 Qc7 11. g4 Nb6 12. Ng3 Be6 13. g5 Nfd7 14. O-O O-O 15. Nd5
Bxd5 16. exd5 f5 17. gxf6 Bxf6 18. Qg4 Rae8 19. Be4 Nc5 20. Bg2 Nc4 21. b3 e4
22. Rb1 Ne5 23. Qh5 g6 24. Qd1 Qd7 25. b4 Na4 26. Nxe4 Bg7 27. Rb3 Nc4 28. Qg4
Qe7 29. Ng5 Rf5 30. Ne6 Nc3 31. Bg5 Qf7 32. Nxg7 Qxg7 33. Bf4 Rxf4 0-1

[Event "World Youth Girls U16 2014"]
[Site "Durban RSA"]
[Date "2014.09.23"]
[Round "5.5"]
[White "Tsolakidou, Stavroula"]
[Black "Egorova, Ayyyna"]
[Result "1-0"]
[WhiteTitle "WFM"]
[BlackTitle "WCM"]
[WhiteElo "2250"]
[BlackElo "1992"]
[WhiteFideId "4264312"]
[BlackFideId "24136611"]
[EventDate "2014.09.20"]

1. e4 Nf6 2. e5 Nd5 3. d4 d6 4. c4 Nb6 5. exd6 exd6 6. Nc3 Nc6 7. Bd3 Nxd4 8.
Bxh7 Qe7+ 9. Be4 Nc6 10. Qe2 f5 11. Bg5 Qe6 12. Bd5 Qxe2+ 13. Ngxe2 Nb4 14.
O-O-O c6 15. Bf3 Nxc4 16. a3 Na6 17. Nd4 Ne5 18. Rhe1 Kf7 19. Be2 Nc7 20. f4 Ng6
21. g3 d5 22. h4 Ne6 23. h5 Ne7 24. Nf3 Nxg5 25. fxg5 Ke8 26. Ne5 Be6 27. Bf3
Bf7 28. g6 Bg8 29. Ne2 Kd8 30. Nf4 Nc8 31. Nf7+ Bxf7 32. gxf7 Nd6 33. Ng6 Nxf7
34. Nxh8 Nxh8 35. Re5 f4 36. Rf5 Be7 37. gxf4 Kd7 38. Rg1 Rf8 39. Rxf8 Bxf8 40.
h6 g6 41. Rh1 Bd6 42. Bg4+ Ke7 43. Rf1 Nf7 44. h7 Kf6 45. f5 g5 46. Rh1 Kg7 47.
h8=Q+ Nxh8 48. f6+ Kg8 49. Be6+ Nf7 50. Rh6 Kf8 51. Rh7 1-0

[Event "World Youth Girls U16 2014"]
[Site "Durban RSA"]
[Date "2014.09.23"]
[Round "5.6"]
[White "Narva, Mai"]
[Black "Beinenson, Katsiaryna"]
[Result "0-1"]
[WhiteTitle "WCM"]
[BlackTitle "WFM"]
[WhiteElo "2210"]
[BlackElo "1980"]
[WhiteFideId "4500512"]
[BlackFideId "13507044"]
[EventDate "2014.09.20"]

1. e4 c5 2. Nf3 Nc6 3. d4 cxd4 4. Nxd4 Nf6 5. Nc3 e5 6. Ndb5 d6 7. Bg5 a6 8. Na3
b5 9. Nd5 Be7 10. Bxf6 Bxf6 11. c3 Bg5 12. Nc2 O-O 13. a4 bxa4 14. Rxa4 a5 15.
Bc4 Rb8 16. Ra2 Kh8 17. Nce3 g6 18. O-O f5 19. Qa4 Bb7 20. exf5 gxf5 21. f4 exf4
22. Nc2 f3 23. Rxf3 Ne5 24. Rf1 Bc6 25. Qxa5 Qxa5 0-1

[Event "World Youth Girls U16 2014"]
[Site "Durban RSA"]
[Date "2014.09.23"]
[Round "5.7"]
[White "Bluhm, Sonja Maria"]
[Black "Ljikar, Tamara"]
[Result "1-0"]
[WhiteTitle "WFM"]
[WhiteElo "2155"]
[BlackElo "1768"]
[WhiteFideId "24654027"]
[BlackFideId "14530767"]
[EventDate "2014.09.20"]

1. e4 c5 2. Nf3 e6 3. d4 cxd4 4. Nxd4 Nc6 5. Nc3 Qc7 6. Be2 a6 7. O-O Nf6 8. Be3
Bb4 9. Na4 Ne5 10. f4 Ng6 11. a3 Be7 12. Nc3 d6 13. Qe1 O-O 14. Qg3 d5 15. Bd3
dxe4 16. Nxe4 Nxe4 17. Bxe4 f5 18. Bf3 Bf6 19. c3 Bd7 20. Rad1 Rae8 21. Bh5 e5
22. Bxg6 hxg6 23. Nf3 e4 24. Nd4 Kf7 25. Qf2 Rc8 26. Rd2 b5 27. Nb3 Bc6 28. Bb6
Qb8 29. Rfd1 Rfe8 30. Na5 Kg8 31. Rd6 Ba8 32. Rd7 Bc6 33. R7d6 Ba8 34. Rd7 Bc6
35. Ra7 Bd8 36. Bd4 Re7 37. Rxa6 Bxa5 38. Rxa5 Rd8 39. Re1 Rde8 40. Ra6 Qc8 41.
Rb6 Qd7 42. Re3 Qd5 43. Qg3 Kf7 44. Qh4 Rg8 45. Qh7 Re6 46. Rb8 Ree8 47. Rxe8
Bxe8 48. h4 Qb3 49. Re1 Qe6 50. Kh1 Ke7 51. Be5 Qd5 52. h5 Qe6 53. h6 g5 54.
hxg7 Bg6 55. Qh6 gxf4 56. Qxf4 Ke8 57. Rd1 1-0

[Event "World Youth Girls U16 2014"]
[Site "Durban RSA"]
[Date "2014.09.23"]
[Round "5.8"]
[White "Wozniak, Mariola"]
[Black "Gazikova, Veronika"]
[Result "1-0"]
[WhiteTitle "WCM"]
[BlackTitle "WFM"]
[WhiteElo "1992"]
[BlackElo "2134"]
[WhiteFideId "1152050"]
[BlackFideId "14919311"]
[EventDate "2014.09.20"]

1. e4 Nf6 2. Nc3 d5 3. e5 Nfd7 4. d4 e6 5. f4 c5 6. Nf3 Nc6 7. Be3 Be7 8. Qd2 a6
9. dxc5 Nxc5 10. Qf2 Qa5 11. O-O-O Bd7 12. Kb1 Rc8 13. h4 Na4 14. Nxa4 Qxa4 15.
Bd3 Nb4 16. a3 Nxd3 17. Rxd3 b5 18. Nd4 b4 19. b3 Qxa3 20. f5 Rc3 21. Bc1 Qa5
22. Rg3 g6 23. f6 Bc5 24. Rg4 Qc7 25. h5 Rg8 26. hxg6 hxg6 27. Qf4 Bb5 28. Bb2
Kd8 29. Nxb5 axb5 30. Bxc3 bxc3 31. b4 Bb6 32. Rh7 Qa7 33. Qc1 Ke8 34. Qh6 Qa3
35. Qc1 Qa4 36. Rhh4 Kd7 37. Qe1 Rc8 38. Rh7 Rf8 39. Qxc3 Qa7 40. Qd3 Qa4 41.
Qxg6 d4 42. Rxf7+ 1-0

[Event "World Youth Girls U16 2014"]
[Site "Durban RSA"]
[Date "2014.09.23"]
[Round "5.9"]
[White "Fuskova, Martina"]
[Black "Monnisha, GK"]
[Result "1/2-1/2"]
[BlackTitle "WFM"]
[WhiteElo "1961"]
[BlackElo "2078"]
[WhiteFideId "300063"]
[BlackFideId "5009936"]
[EventDate "2014.09.20"]

1. e4 e5 2. Nf3 Nc6 3. Bc4 Nf6 4. d4 exd4 5. e5 Ng4 6. O-O d6 7. exd6 Qxd6 8.
Na3 a6 9. h3 Nh6 10. Re1+ Be7 11. Bg5 O-O 12. Bxe7 Nxe7 13. Qxd4 Nef5 14. Qxd6
Nxd6 15. Re7 b5 16. Bd5 Ra7 17. g4 Re8 18. Rxe8+ Nxe8 19. Bc6 Nd6 20. Re1 Kf8
21. c3 f6 22. Nc2 Ng8 23. Nfd4 Ne7 24. Nb4 a5 25. Nd3 Nxc6 26. Nxc6 Ra6 27. Nd4
Kf7 28. Nc5 Rb6 29. Re2 Nc4 30. Kg2 Ne5 31. f4 Nc4 32. Kg3 g6 33. b3 Nd6 34.
Nde6 Bxe6 35. Nxe6 Ne4+ 36. Rxe4 Rxe6 37. Kf3 Rd6 38. Ke2 c6 39. Re3 Rd5 40. Rd3
Ke6 41. Re3+ Kd7 42. Rd3 Kd6 43. Re3 h5 44. Re8 hxg4 45. hxg4 Rc5 46. Kd3 g5 47.
f5 Re5 48. Rf8 Rd5+ 49. Ke2 Ke7 50. Rc8 Re5+ 51. Kd3 Kd7 52. Rf8 Rd5+ 53. Ke2
Re5+ 54. Kd3 1/2-1/2

[Event "World Youth Girls U16 2014"]
[Site "Durban RSA"]
[Date "2014.09.23"]
[Round "5.10"]
[White "Virkud, Apurva"]
[Black "Jain, Shaileja"]
[Result "1-0"]
[WhiteTitle "WCM"]
[WhiteElo "2041"]
[BlackElo "1736"]
[WhiteFideId "2050820"]
[BlackFideId "2089254"]
[EventDate "2014.09.20"]

1. d4 Nf6 2. c4 g6 3. Nc3 Bg7 4. e4 d6 5. f3 O-O 6. Be3 e5 7. d5 a5 8. Qd2 Na6
9. Nge2 Ne8 10. O-O-O Nc5 11. Kb1 f5 12. Nc1 fxe4 13. Nxe4 Bf5 14. Bxc5 dxc5 15.
Bd3 Nd6 16. Nxd6 Qxd6 17. Ne2 Qb6 18. Nc3 Bxd3+ 19. Qxd3 e4 20. fxe4 Rf2 21. Rd2
Raf8 22. Nd1 Rxd2 23. Qxd2 a4 24. a3 Bd4 25. Re1 Qd6 26. g3 Rf3 27. Qe2 Rb3 28.
e5 Qb6 29. e6 g5 30. e7 Qg6+ 31. Qe4 Qe8 32. Rf1 Bg7 33. Qe6+ Kh8 34. Qf7 1-0

[Event "World Youth Girls U16 2014"]
[Site "Durban RSA"]
[Date "2014.09.23"]
[Round "5.11"]
[White "Wafa, Shahenda"]
[Black "Drogovoz, Irina"]
[Result "0-1"]
[WhiteTitle "WIM"]
[WhiteElo "1917"]
[BlackElo "2313"]
[WhiteFideId "10609962"]
[BlackFideId "4176715"]
[EventDate "2014.09.20"]

1. e4 c5 2. Nf3 d6 3. d4 cxd4 4. Nxd4 Nf6 5. Nc3 a6 6. Be2 e6 7. O-O Qc7 8. Kh1
Be7 9. f4 O-O 10. Qe1 Nc6 11. Nxc6 bxc6 12. Qg3 d5 13. Bd3 g6 14. Qf3 Bb7 15. f5
dxe4 16. Nxe4 exf5 17. Nxf6+ Bxf6 18. Bh6 Bxb2 19. Rad1 Rfd8 20. Rb1 c5 21. Bf4
Qd7 22. Qg3 Qd4 23. Bxf5 Bc6 24. Bg5 Re8 25. Bh3 Qg7 26. Qd6 Bb5 27. Rf3 Qe5 28.
Qd2 Qg7 29. Qf4 Be5 30. Qh4 h5 31. c4 Bc6 32. Rff1 Rab8 33. Qf2 Rxb1 34. Rxb1
Bd4 35. Qf4 Qe5 36. Qxe5 Bxe5 37. Kg1 Bd4+ 38. Kf1 Be4 39. Rd1 Rb8 40. Ke2 Rb4
41. Bc8 Rxc4 42. Rd2 Ra4 43. Bd7 Ra3 44. Be7 Rc3 45. Kd1 Be3 46. Rd6 Bf4 47.
Rxa6 Rd3+ 48. Ke1 Rxd7 49. Bxc5 Bxg2 0-1

[Event "World Youth Girls U16 2014"]
[Site "Durban RSA"]
[Date "2014.09.23"]
[Round "5.12"]
[White "Nyamdorj, Uranchimeg"]
[Black "Ghukasyan, Siranush"]
[Result "0-1"]
[WhiteElo "1784"]
[BlackElo "2155"]
[WhiteFideId "4902386"]
[BlackFideId "13300946"]
[EventDate "2014.09.20"]

1. e4 e5 2. Nf3 Nc6 3. Bb5 a6 4. Ba4 Nf6 5. O-O Be7 6. Re1 b5 7. Bb3 d6 8. c3
O-O 9. h3 Nb8 10. d4 Nbd7 11. Nbd2 Bb7 12. Bc2 Re8 13. Nf1 Bf8 14. Ng3 g6 15. a4
c5 16. d5 c4 17. Bg5 h6 18. Be3 Nc5 19. a5 Bg7 20. Nh2 Qe7 21. Qd2 Kh7 22. f3
Qf8 23. Ng4 Nfd7 24. h4 h5 25. Nh2 Bh6 26. Ngf1 Bxe3+ 27. Nxe3 Qh6 28. Rad1 Rg8
29. Qf2 Rae8 30. Kf1 Bc8 31. g4 Nf8 32. Ke2 f6 33. Rg1 Kg7 34. Rg3 Kf7 35. Rdg1
hxg4 36. Nhxg4 Qxh4 37. R1g2 Bxg4 38. Nxg4 Qh1 39. Rg1 Qh7 40. R3g2 Rh8 41. f4
exf4 42. Qxf4 Qg7 43. Qxd6 Nxe4 44. Bxe4 Rxe4+ 45. Kf1 f5 46. Nf2 Re7 47. Qxa6
Qe5 48. Rg3 Rh2 0-1

[Event "World Youth Girls U16 2014"]
[Site "Durban RSA"]
[Date "2014.09.23"]
[Round "5.13"]
[White "Bykovtsev, Agata"]
[Black "Paolillo, Gaia"]
[Result "1-0"]
[WhiteElo "2059"]
[BlackElo "1921"]
[WhiteFideId "2046547"]
[BlackFideId "864986"]
[EventDate "2014.09.20"]

1. e4 e6 2. d4 d5 3. Nc3 Nf6 4. Bg5 Be7 5. e5 Nfd7 6. h4 h6 7. Bxe7 Qxe7 8. Qg4
O-O 9. O-O-O a6 10. Rh3 c5 11. f4 cxd4 12. Rxd4 Nc6 13. Rd1 f6 14. exf6 Qxf6 15.
Nge2 Nc5 16. Qf3 d4 17. Ne4 Nxe4 18. Qxe4 e5 19. fxe5 Qxf1 20. Rxf1 Rxf1+ 21.
Kd2 Bxh3 22. gxh3 Re8 23. e6 Rf6 24. Nf4 Nd8 25. e7 Nc6 26. Nd5 Rf7 27. Qg6 Nxe7
28. Nf6+ Kf8 29. Nd7+ Kg8 30. Qe6 Rf8 31. Nxf8 Kxf8 32. Qd6 Rf6 33. Qb8+ Kf7 34.
Qxb7 Rd6 35. b4 Kf6 36. a4 Nd5 37. b5 axb5 38. Qxb5 Nc3 39. Qb8 Ke6 40. a5 Kd5
41. Qb7+ Kc4 42. a6 Re6 43. Qf7 Ne4+ 44. Kc1 Nc5 45. a7 Kc3 46. Qxe6 1-0

[Event "World Youth Girls U16 2014"]
[Site "Durban RSA"]
[Date "2014.09.23"]
[Round "5.14"]
[White "Vasova, Maria"]
[Black "Methmani, Nelunika"]
[Result "1-0"]
[BlackTitle "WIM"]
[WhiteElo "1958"]
[BlackElo "1614"]
[WhiteFideId "2900955"]
[BlackFideId "9910050"]
[EventDate "2014.09.20"]

1. e4 e5 2. Nf3 Nc6 3. Bc4 Nf6 4. d3 Be7 5. O-O O-O 6. c3 d6 7. Bb3 Kh8 8. Ng5
Kg8 9. f4 d5 10. fxe5 Ng4 11. Nxf7 Rxf7 12. Rxf7 Kxf7 13. exd5 Ncxe5 14. d6+ Be6
15. dxe7 Qxd3 16. h3 Nf6 17. Na3 Kxe7 18. Bf4 Nd5 19. Bxe5 Qe3+ 20. Kh1 Qxe5 21.
Qd2 Re8 22. Re1 Qf4 23. Rxe6+ Kxe6 24. Qxf4 1-0

[Event "World Youth Girls U16 2014"]
[Site "Durban RSA"]
[Date "2014.09.23"]
[Round "5.15"]
[White "Caxita, Esperanca"]
[Black "Besso, Guadalupe"]
[Result "0-1"]
[WhiteTitle "WIM"]
[BlackTitle "WCM"]
[WhiteElo "1769"]
[BlackElo "1952"]
[WhiteFideId "10100903"]
[BlackFideId "123161"]
[EventDate "2014.09.20"]

1. e4 c5 2. Nf3 d6 3. Bc4 Nf6 4. Nc3 Nc6 5. d4 cxd4 6. Nxd4 g6 7. Be3 Bg7 8. f3
O-O 9. Qd2 Bd7 10. g4 Rc8 11. Nxc6 Bxc6 12. Bb3 b5 13. Bxa7 b4 14. Ne2 Nxe4 15.
fxe4 Bxe4 16. Rf1 Bxb2 17. Rb1 Bg7 18. Bd4 e5 19. Bf2 Qd7 20. Rg1 d5 21. Ra1 Qb5
22. h4 Rfd8 23. h5 d4 24. Bh4 Rd7 25. h6 Bh8 26. Ng3 Bf3 27. Qg5 Rc6 28. Rf1 Bf6
29. Qd2 Bxh4 30. Rxf3 e4 31. Re3 dxe3 32. Qh2 Qg5 33. Kf1 Qf4+ 34. Kg2 Rd2+ 0-1

[Event "World Youth Girls U16 2014"]
[Site "Durban RSA"]
[Date "2014.09.23"]
[Round "5.16"]
[White "Derakhshani, Dorsa"]
[Black "Van Zyl, Charlize"]
[Result "1-0"]
[WhiteTitle "WFM"]
[BlackTitle "WIM"]
[WhiteElo "2148"]
[BlackElo "1753"]
[WhiteFideId "12500330"]
[BlackFideId "14307120"]
[EventDate "2014.09.20"]

1. e4 c6 2. d4 d5 3. Nd2 dxe4 4. Nxe4 Bf5 5. Ng3 Bg6 6. Nh3 e6 7. Nf4 Bd6 8. c3
Nf6 9. h4 Bxf4 10. Bxf4 h6 11. h5 Bh7 12. Qb3 Nd5 13. Bd2 Qc7 14. c4 Nf6 15. Bd3
Bxd3 16. Qxd3 Nbd7 17. Qa3 c5 18. Rh4 Qc6 19. Kf1 O-O 20. d5 exd5 21. Nf5 Qe6
22. Qh3 Kh7 23. Re1 Qa6 24. Qg3 Rg8 25. Nd6 Raf8 26. Re7 Ne4 27. Rhxe4 dxe4 28.
Rxd7 Qxa2 29. Qg4 Qb1+ 30. Be1 e3 31. fxe3 Qd3+ 32. Kf2 Rd8 33. Bc3 Rxd7 34.
Qxd7 Qc2+ 35. Kg3 Qd3 36. Kh2 Rf8 37. e4 Kg8 38. Bxg7 Rd8 39. Qxd8+ 1-0

[Event "World Youth Girls U16 2014"]
[Site "Durban RSA"]
[Date "2014.09.23"]
[Round "5.17"]
[White "Fesselier, Melissa"]
[Black "Breedt, Shade"]
[Result "1-0"]
[BlackTitle "WCM"]
[WhiteElo "1966"]
[BlackElo "1693"]
[WhiteFideId "20689284"]
[BlackFideId "14304511"]
[EventDate "2014.09.20"]

1. e4 c5 2. Nf3 d6 3. d4 cxd4 4. Nxd4 Nc6 5. Nc3 g6 6. h3 Bg7 7. Nde2 Nf6 8. g3
O-O 9. Bg2 Bd7 10. O-O Qc8 11. Kh2 h6 12. f4 Nh7 13. Be3 g5 14. Qc1 g4 15. f5 h5
16. Bh6 Kh8 17. Bxg7+ Kxg7 18. Nf4 Rh8 19. Nxh5+ Kg8 20. Qf4 Ne5 21. Nd5 Qf8 22.
f6 Ng6 23. fxe7 Nxf4 24. exf8=Q+ Nxf8 25. Ndf6# 1-0

[Event "World Youth Girls U16 2014"]
[Site "Durban RSA"]
[Date "2014.09.23"]
[Round "5.18"]
[White "Le Bihan, Alison"]
[Black "Konopatska, Oleksandra"]
[Result "1/2-1/2"]
[WhiteElo "1714"]
[BlackElo "1914"]
[WhiteFideId "20654570"]
[BlackFideId "14128772"]
[EventDate "2014.09.20"]

1. d4 Nf6 2. Nf3 g6 3. g3 Bg7 4. Bg2 O-O 5. c4 d6 6. O-O Nbd7 7. Nc3 e5 8. e4
exd4 9. Nxd4 Nc5 10. h3 Re8 11. Re1 Nfd7 12. Be3 Ne5 13. Re2 Nxc4 14. Bc1 Ne6
15. Nf3 Ne5 16. Nxe5 dxe5 17. Rd2 Nd4 18. b4 c6 19. Bb2 Qb6 20. a3 Be6 21. Na4
Qc7 22. Nc5 Rad8 23. Rc1 Bc8 24. Bxd4 Rxd4 25. Rxd4 exd4 26. f4 Rd8 27. e5 Bf8
28. Ne4 Be7 29. Qd3 Qb6 30. Rb1 a5 31. b5 c5 32. a4 Be6 33. Nd2 Bf5 34. Ne4 Be6
35. Nd2 Rc8 36. Rc1 Bf5 1/2-1/2

[Event "World Youth Girls U16 2014"]
[Site "Durban RSA"]
[Date "2014.09.23"]
[Round "5.19"]
[White "Dadello, Aleksandra"]
[Black "Du Toit, Sune"]
[Result "1/2-1/2"]
[BlackTitle "WFM"]
[WhiteElo "1907"]
[BlackElo "1645"]
[WhiteFideId "1177362"]
[BlackFideId "14303639"]
[EventDate "2014.09.20"]

1. e4 e5 2. Nf3 Nc6 3. Nc3 Nf6 4. d4 d6 5. dxe5 Nxe5 6. Nxe5 dxe5 7. Qxd8+ Kxd8
8. Bc4 Ke7 9. Bg5 c6 10. O-O-O Be6 11. Be2 Ke8 12. Rd2 Bb4 13. f3 Ke7 14. f4 Ke8
15. Bxf6 gxf6 16. f5 Bd7 17. Rhd1 Rd8 18. Bc4 Rf8 19. Be6 fxe6 20. fxe6 Ke7 21.
Rxd7+ Rxd7 22. Rxd7+ Kxe6 23. Rxb7 Bxc3 24. bxc3 Rf7 25. Rb8 Rg7 26. g3 Rf7 27.
Kd2 Kd6 28. Ke3 Kc5 29. Rc8 Rb7 30. Kd3 Rf7 1/2-1/2

[Event "World Youth Girls U16 2014"]
[Site "Durban RSA"]
[Date "2014.09.23"]
[Round "5.20"]
[White "Kyrkjebo, Marte B."]
[Black "Kafetzi, Angeliki"]
[Result "0-1"]
[WhiteElo "1662"]
[BlackElo "1896"]
[WhiteFideId "1511602"]
[BlackFideId "4238419"]
[EventDate "2014.09.20"]

1. e4 c5 2. Nc3 Nc6 3. Bb5 d6 4. Bxc6+ bxc6 5. d3 g6 6. f4 Bg7 7. Nf3 Rb8 8. O-O
Bg4 9. Qe1 Bxf3 10. Rxf3 Nf6 11. f5 Ng4 12. Ne2 d5 13. Rb1 dxe4 14. dxe4 Rb4 15.
h3 Ne5 16. Rc3 Rxe4 17. fxg6 hxg6 18. Bf4 Qb6 19. Rb3 Rb4 20. Qf2 Rxb3 21. axb3
Nd7 22. Be3 Rh5 23. Ng3 Re5 24. Kh1 Bf6 25. Rf1 Qb4 26. Bd2 Qd4 27. Bc3 Qxf2 28.
Rxf2 Rd5 29. Ne4 Rd1+ 30. Kh2 Bxc3 31. Nxc3 Rd4 32. Na4 e5 33. g4 Ke7 34. Kg3 a5
35. Nc3 c4 36. bxc4 Rxc4 37. Re2 a4 38. Re3 Ke6 39. g5 Nc5 40. h4 a3 41. Na2
axb2 42. Re1 Rxc2 43. Rb1 Ne4+ 44. Kg4 c5 45. Re1 Nd2 46. Rd1 b1=Q 47. Rxb1 Nxb1 0-1